A revolução das letras (Registo nº 2577)

Detalhes MARC
000 -Etiqueta do registo
Cabeçalho 00965nam a22003011 4500
005 - Identificador da versão
Campo de controlo 20240827160403.0
010 ## - Número internacional normalizado dos livros (ISBN)
Número (ISBN) 972610825X
Modalidade de aquisição e/ou preço compra
021 ## - Número do Depósito Legal
Código do país PT
Número 210414/04
100 ## - Dados gerais de processamento
Dados gerais de processamento 20050729d2004 cd y0pory5003 ba
101 0# - Língua de publicação
Língua do texto, banda sonora, etc. Português
102 ## - Pais de publicação ou produção
País de publicação Portugal
105 ## - Campo de dados codificados: livros
Dados codificados dos livros a z 000fy
106 ## - Campo de dados codificados: material textual
Dados codificados do material textual r
200 1# - Titulo e menção de responsabilidade
Título próprio A revolução das letras
Informação de outro título o 25 de Abril explicado às crianças
Primeira menção de responsabilidade Vergílio Alberto Vieira
Outras menções de responsabilidade il. Fedra Santos
205 ## - Menção da edição
Menção da edição 1ª ed
210 ## - Publicação, Distribuição, etc. 
Lugar da edição, distribuição, etc. Porto
Nome do editor, distribuidor, etc. Campo das Letras
Data da publicação, distribuição, etc. 2004
215 ## - Descrição física 
Indicação específica da natureza do documento e extensão da espécie 29 p.
Outras indicações físicas muito il.
Dimensões 15 x 21 cm
225 2# - Colecção 
Título próprio da colecção Palmo e meio
Indicação de volume 31
300 ## - Notas gerais 
Texto da nota Edição comemorativa do 31º aniversário do 25 de Abril
606 ## - Nome comum usado como assunto
Número de registo de entrada de autoridade 0000364
Palavra de ordem Literatura portuguesa infanto-juvenil
Subdivisão de assunto Conto
Número de registo de entrada de autoridade 0001197
Palavra de ordem História
Subdivisão geográfica Portugal
Subdivisão cronológica 25 de Abril de 1974
675 ## - Classificação Decimal Universal (CDU)
Notação 821.134.3-34
Edição
Língua da edição por
Notação 946.9
Edição
Língua da edição por
700 ## - Nome de autor-pessoa física (responsabilidade principal)
Número de registo de entrada de autoridade 0001364
Palavra de ordem Vieira
Outra parte do nome não tomada para palavra de ordem Vergílio Alberto
702 #1 - Nome de autor-pessoa física (responsabilidade secundária)
Número de registo de entrada de autoridade 0000138
Palavra de ordem Santos
Outra parte do nome não tomada para palavra de ordem Fedra
Código de função Ilustrador / Técnico de desenho computorizado
942 ## - Elementos de entrada adicionados (Koha)
Tipo de item no Koha Livro
Exemplares
Situação do levantamento Origin of item (home branch) (coded) Biblioteca de empréstimo Código de barras Cota Circulation type (not for loan) Tipo de documento Nota do exemplar Damaged status
  Biblioteca Escolar da Coca Maravilhas Biblioteca Escolar da Coca Maravilhas BECM7203/05 8POR VIE   Livro Sem mensagem  
  Biblioteca Escolar da Coca Maravilhas Biblioteca Escolar da Coca Maravilhas BECM7204/05 8POR VIE   Livro Sem mensagem  
  Biblioteca Escolar da Coca Maravilhas Biblioteca Escolar da Coca Maravilhas BECM7250/06 8POR VIE   Livro Sem mensagem  
  Biblioteca Escolar da Coca Maravilhas Biblioteca Escolar da Coca Maravilhas BECM7271/06 9PT VIE   Livro Sem mensagem  
  Biblioteca Escolar da Coca Maravilhas Biblioteca Escolar da Coca Maravilhas BECM7276/06 9PT VIE   Livro Sem mensagem